000 00686nam a22002417a 4500
008 131104b xxu||||| |||| 00| 0 eng d
020 _a81-7041-652-9
024 _cAvailable
037 _cAvailable
040 _aMBSTU LIBRARY
_dMBSTU LIBRARY
082 _222
_a150.7 CHE
100 _aChand, Tara.
245 _aEducation psychology.
260 _aNew Delhi
_bAnmol Pulications.
_c1993
300 _a22 cm.
_b283 page
_f1
_g22 cm.
600 _2Psychology.
650 _2Psychology.
700 _aChand, Tara.
270 _aNew Delhi
_bNew Delhi
_dIndia
365 _b420.00
_d420.00
942 _2ddc
_cBK
999 _c783
_d783